| 000 | 00493nam a22001457a 4500 | ||
|---|---|---|---|
| 005 | 20250725111213.0 | ||
| 008 | 250725b |||||||| |||| 00| 0 eng d | ||
| 050 |
_aTHE KF 27. T37 2016 _bC. 1 |
||
| 100 | _aTARUS, MOSES KIPKOSGEI | ||
| 245 |
_aAN ASSESSMENT OF THE CAUSES OF UNETHICAL PROCUREMENT PROCESS IN THE POLICE SERVICE _bA CASE OF MASABA NORTH SUB-COUNTY HEADQUARTERS |
||
| 260 |
_aKISII _bKSU _c2016 |
||
| 300 | _aXII, 33P., ILL: | ||
| 500 | _aINCLUDES REFERENCES | ||
| 942 |
_2lcc _cREF |
||
| 999 |
_c215961 _d215961 |
||